000 00512nam a2200181 i 4500
001 80887
003 ES-MaACL
005 20230906174325.0
007 t|
008 041102s1903 fr ||||1| fre d
080 _a270"18"
100 1 _aHoutin, Albert.
_964362
245 1 3 _aLa controverse de l'apostolicite des Eglises de France au XIX siecle /
_cAlbert Houtin.
250 _a3ème ed.
260 _a[S.l. :
_bs.n.,
_c1903] (
_eLaval :
_fGoupil)
300 _a316 p. ;
_c19 cm.
852 _aES-MaACL
_jD-5146
999 _c80887
_d80887